| 000 | 00813nam a2200265 4500 | ||
|---|---|---|---|
| 001 | 319476 | ||
| 003 | ARRUPE | ||
| 005 | 20141219134650.0 | ||
| 008 | 740204s1973 rh a b 001 0 eng | ||
| 010 | _a 74153578 | ||
| 020 | _a0582641144 | ||
| 040 |
_aDLC _cDLC _dDLC |
||
| 043 | _afs----- | ||
| 050 | 0 | 0 |
_aQL692.S66 _bG56 |
| 082 | 0 | 0 | _a598.2/073/0968 |
| 100 | 1 |
_aGinn, Peter. _910889 |
|
| 245 | 1 | 0 |
_aBirds afield; _ba beginner's guide to bird watching in southern Africa. _cLine drawings by Graeme Arnott. |
| 260 |
_a[Salisbury] _bLongman Rhodesia _c[1973] |
||
| 300 |
_a140 p. _billus. (part col.) _c22 cm. |
||
| 490 | 0 | _aBundu series | |
| 504 | _aIncludes bibliographical references. | ||
| 650 | 0 |
_aBirds _zZimbabwe _910902 |
|
| 906 |
_a7 _bcbc _corignew _d4 _encip _f19 _gy-gencatlg |
||
| 942 |
_2lcc _cSPC |
||
| 999 |
_c121465 _d121465 |
||